<?xml version="1.0" encoding="UTF-8"?><?xml-stylesheet type="text/xsl" href="static/style.xsl"?><OAI-PMH xmlns="http://www.openarchives.org/OAI/2.0/" xmlns:xsi="http://www.w3.org/2001/XMLSchema-instance" xsi:schemaLocation="http://www.openarchives.org/OAI/2.0/ http://www.openarchives.org/OAI/2.0/OAI-PMH.xsd"><responseDate>2026-04-13T01:25:12Z</responseDate><request verb="GetRecord" identifier="oai:www.recercat.cat:10459.1/468629" metadataPrefix="marc">https://recercat.cat/oai/request</request><GetRecord><record><header><identifier>oai:recercat.cat:10459.1/468629</identifier><datestamp>2025-11-03T19:25:49Z</datestamp><setSpec>com_2072_3622</setSpec><setSpec>col_2072_479130</setSpec></header><metadata><record xmlns="http://www.loc.gov/MARC21/slim" xmlns:dcterms="http://purl.org/dc/terms/" xmlns:xsi="http://www.w3.org/2001/XMLSchema-instance" xmlns:doc="http://www.lyncode.com/xoai" xsi:schemaLocation="http://www.loc.gov/MARC21/slim http://www.loc.gov/standards/marcxml/schema/MARC21slim.xsd">
   <leader>00925njm 22002777a 4500</leader>
   <datafield ind2=" " ind1=" " tag="042">
      <subfield code="a">dc</subfield>
   </datafield>
   <datafield ind2=" " ind1=" " tag="720">
      <subfield code="a">Pano-Rodriguez, Alvaro</subfield>
      <subfield code="e">author</subfield>
   </datafield>
   <datafield ind2=" " ind1=" " tag="720">
      <subfield code="a">Aixa-Requena, Saül</subfield>
      <subfield code="e">author</subfield>
   </datafield>
   <datafield ind2=" " ind1=" " tag="720">
      <subfield code="a">Beltrán Garrido, José Vicente</subfield>
      <subfield code="e">author</subfield>
   </datafield>
   <datafield ind2=" " ind1=" " tag="720">
      <subfield code="a">Batalla Gavalda, Abraham</subfield>
      <subfield code="e">author</subfield>
   </datafield>
   <datafield ind2=" " ind1=" " tag="720">
      <subfield code="a">Hernández-González, Vicenç</subfield>
      <subfield code="e">author</subfield>
   </datafield>
   <datafield ind2=" " ind1=" " tag="720">
      <subfield code="a">Conesa Milian, Enric</subfield>
      <subfield code="e">author</subfield>
   </datafield>
   <datafield ind2=" " ind1=" " tag="720">
      <subfield code="a">López Laval, Isaac</subfield>
      <subfield code="e">author</subfield>
   </datafield>
   <datafield ind2=" " ind1=" " tag="720">
      <subfield code="a">Reverter Masià, Joaquín</subfield>
      <subfield code="e">author</subfield>
   </datafield>
   <datafield ind2=" " ind1=" " tag="260">
      <subfield code="c">2025</subfield>
   </datafield>
   <datafield ind2=" " ind1=" " tag="520">
      <subfield code="a">Background: Health-related quality of life is a key indicator of well-being that integrates physical, emotional, and social dimensions. Identifying its determinants during childhood and adolescence is essential to guide effective health promotion strategies. Objective: To analyze the association between health-related quality of life and demographic, anthropometric, biochemical, lifestyle, and environmental variables in school-aged children and adolescents. Methods: A cross-sectional study was conducted during the 2023–2024 academic year in northeastern Spain. A total of 571 children and adolescents participated in the study (mean age = 11.64 ± 1.64 years), of whom 254 were girls (44.48%). Health-related quality of life was assessed using the Revised Children’s Quality of Life Questionnaire (KINDL-R), a validated instrument for assessing perceived well-being in pediatric populations. Independent variables included waist-to-height ratio, high-density lipoprotein cholesterol, low-density lipoprotein cholesterol, adherence to the Mediterranean diet, weekly physical activity, sleep quality, and residential context (i.e., large urban areas, small urban areas, and municipalities). Multiple linear regression analysis was performed to explore the associations. Results: Older age was associated with lower health-related quality of life (β = −1.07; 95% CI: −1.61 to −0.53; p &lt; 0.001). In contrast, better adherence to the Mediterranean diet (β = 0.72; 95% CI: 0.09 to 1.37; p = 0.023), better sleep quality (b = −2.48; p &lt; 0.001), and participants living in cities and large urban areas reported compared to those in municipalities were associated with higher HRQoL (p &lt; 0.05), with moderate effect sizes. No significant associations were found for sex, waist-to-height ratio, cholesterol levels, or physical activity. Conclusions: This study highlights the importance of adopting a multidimensional approach to promote health-related quality of life in young populations, addressing dietary habits, sleep quality, and environmental factors within health promotion strategies.</subfield>
   </datafield>
   <datafield ind2=" " ind1=" " tag="520">
      <subfield code="a">This research was funded by the State Program for Research, Development, and Innovation Oriented to the Challenges of Society, within the framework of the State Plan for R+D+I 2020–2024. The project title is: “Evaluación de diversos parámetros de salud y niveles de actividad física en la escuela primaria y secundaria” (grant number PID2020-117932RB-I00). Additionally, the research was supported by the consolidated research group “Human Movement” of the Generalitat de Catalunya (021 SGR 01619). S.A.-R. was supported by the predoctoral grants program FI SDUR from the Department of Research and Universities of the Generalitat de Catalunya, co-funded by the European Social Fund Plus (2024 FISDU 00122). Support was also provided by the CEU-UCH Research Group Support (GIR 2024/32) to J.V.B.-G. Fundació Catalana per a l’Esport, Guardons de l’Esport, 2024. Projec.ESCA.</subfield>
   </datafield>
   <datafield tag="653" ind2=" " ind1=" ">
      <subfield code="a">Health-related quality of life</subfield>
   </datafield>
   <datafield tag="653" ind2=" " ind1=" ">
      <subfield code="a">Children and adolescent</subfield>
   </datafield>
   <datafield tag="653" ind2=" " ind1=" ">
      <subfield code="a">Physical activity</subfield>
   </datafield>
   <datafield ind2="0" ind1="0" tag="245">
      <subfield code="a">What Shapes Quality of Life in Youth? A Multidimensional Approach from Lifestyle to Residential Context—Cor-School Study</subfield>
   </datafield>
</record></metadata></record></GetRecord></OAI-PMH>